Paises del Imperio Ruso en un mapa - Estadísticas

Estadísticas generales
  • Esta prueba ha sido intentada 78 veces
  • La puntuación promedio es 21 de 22
Respuestas en el mapa
Las respuestas están codificadas por una escala verde-roja en el mapa de la prueba según el % correcto abajo.
 
Estadísticas de respuestas
Respuesta % Correcto
Estonia
99%
Finlandia
99%
Letonia
99%
Lituania
99%
Rusia
99%
Ucrania
99%
Bielorrusia
97%
Estados Unidos
97%
Polonia
97%
China
96%
Moldavia
96%
Mongolia
96%
Azerbaiyán
95%
Georgia
95%
Kazajistán
95%
Rumanía
95%
Uzbekistán
95%
Armenia
93%
Tayikistán
93%
Turkmenistan
93%
Turquía
92%
Kirguistán
91%
No se encontraron pruebas coincidentes
Distribución de puntuación
Porcentaje de gente con cada puntuación
Porcentaje por número respondido
Historial de tus puntuaciones
No has intentado esta prueba.